| 000 | 01670nam a22004337a 4500 | ||
|---|---|---|---|
| 003 | CHAP | ||
| 005 | 20220329143357.0 | ||
| 008 | 090130s2008 mx r 00010 spa d | ||
| 010 | _a95732 | ||
| 011 | _a96704 | ||
| 035 | _a107360 | ||
| 040 | _cCHAP | ||
| 090 | _aTesis | ||
| 100 | 0 | 0 |
_aMendoza de Jesús, Vicente. _974637 |
| 245 | 1 | 0 |
_aHeterosis intervarietal y potencial de generaciones F2 de jitomate (Lycopersicon esculentum Mill.) tipo saladete _c/por Vicente Mendoza de Jesús |
| 260 |
_aChapingo, Méx. : _bEl autor, _c2008 |
||
| 300 |
_ax, 66 h. : _bcuadros, gráfs. |
||
| 502 | _aTesis (Dr. en Ciencias en Horticultura) -- UACH. Departamento de Fitotecnia | ||
| 530 | _aTambién disponible en línea | ||
| 590 |
_aALEPH _b10 _c20130110 _lUCH01 _h1526 |
||
| 590 |
_aBATCH-UPD _b10 _c20130110 _lUCH01 _h0917 |
||
| 590 |
_aBATCH-UPD _b10 _c20130410 _lUCH01 _h0540 |
||
| 590 |
_aBATCH-UPD _b10 _c20130914 _lUCH01 _h1131 |
||
| 590 |
_aBATCH-UPD _b10 _c20140324 _lUCH01 _h1509 |
||
| 590 |
_aBATCH-UPD _b10 _c20141002 _lUCH01 _h0838 |
||
| 590 |
_aCONVERSION _b10 _c20130109 _lUCH01 _h1353 |
||
| 650 | 1 | 4 |
_aCultivos en invernadero. _930376 |
| 650 | 1 | 4 |
_aHidroponía. _955280 |
| 650 | 1 | 4 |
_aTomate. _9113672 |
| 650 | 1 | 4 |
_aTomate _xCostos de producción. _9113701 |
| 650 | 1 | 4 |
_aTomate _xMejoramiento. _9113737 |
| 650 | 1 | 4 |
_aTomate _xVariedades. _9113777 |
| 650 | 1 | 4 |
_aTomate _zMéxico (Edo.). _9113786 |
| 856 |
_3Finding aid _uhttp://10.13.5.2/tesis/107360.pdf _zTeclea aqui |
||
| 901 | _aBK | ||
| 942 | _cFOLL | ||
| 949 |
_aTesis _bBC _cTES _d33724002344579 _eTS1 _gDonaciØn _h48620 _i107360 _sb |
||
| 949 |
_aTesis _bBC _cTES _d33724002344587 _eTS2 _fc.2 _gDonaciØn _h48621 _i107360 _si |
||
| 999 |
_c95732 _d95732 |
||